00768nam a2200205 i 4500001001000000003000900010005001700019007000300036008004100039040002500080049000900105082001900114110009700133245003500230264009000265300004500355942001400400952013100414999001700545000018146DO-SdBNP20250130092146.0ta100416s1963 dr a 000 0 spa d aDO-SdBNPbspacBNPHU aBNPD 4axxxbR337o2221 aRepública Dominicana.bSecretaría de Estado de Educación, Bellas Artes y Cultos92396510aReglas oficiales del atletismo 1aSanto Domingo :bSecretaría de Estado de Educación, Bellas Artes y Cultos,c1963. a113 páginas :bilustraciones ;c15 cm. 2ddccLBS1 00102ddc51708PDaBNPHUbBNPHUcCTd2010-04-16l0oBNPHU PD xxx R337op18146-10r2020-06-25w2020-06-25yLBS1ZNo se presta c17667d17667